Estudio y edición crítica del "Libro llamado Relox de príncipes" con el "Libro de Marco Aurelio" de Antonio de Guevara (volúmenes I-IV) / (Record no. 10852)

MARC details
000 -LEADER
campo de control de longitud fija 00722nam a2200205 i 4500
001 - NÚMERO DE CONTROL
campo de control 10852
003 - IDENTIFICADOR DE NÚMERO DE CONTROL
campo de control ES-MaACL
005 - FECHA Y HORA DE LA ÚLTIMA TRANSACCIÓN
campo de control 20251009174452.0
007 - CAMPO FIJO DE DESCRIPCIÓN FÍSICA--INFORMACIÓN GENERAL
campo de control de longitud fija t|
008 - DATOS DE LONGITUD FIJA--INFORMACIÓN GENERAL
campo de control de longitud fija 951207s1994 xxu |||| | spa d
080 ## - NÚMERO DE LA CLASIFICACIÓN DECIMAL UNIVERSAL
Número de la Clasificación Decimal Universal 860-96"15"
100 1# - ENTRADA PRINCIPAL--NOMBRE DE PERSONA
Nombre de persona Madrigal, José Luis.
9 (RLIN) 75363
245 10 - MENCIÓN DEL TÍTULO
Título Estudio y edición crítica del "Libro llamado Relox de príncipes" con el "Libro de Marco Aurelio" de Antonio de Guevara (volúmenes I-IV) /
Mención de responsabilidad, etc. José Luis Madrigal.
260 ## - PUBLICACIÓN, DISTRIBUCIÓN, ETC.
Lugar de publicación, distribución, etc. Ann Arbor, Michigan :
Nombre del editor, distribuidor, etc. U.M.I.,
Fecha de publicación, distribución, etc. [1994]
300 ## - DESCRIPCIÓN FÍSICA
Extensión 3 v. ;
Dimensiones 20 cm.
502 ## - NOTA DE TESIS
Nota de tesis Tesis Univ. The City University of New York.
700 0# - ENTRADA AGREGADA--NOMBRE PERSONAL
Nombre de persona Guevara, Antonio de,
Fechas asociadas al nombre ca. 1480-1545
9 (RLIN) 60606
852 ## - LOCALIZACIÓN
Ubicación ES-MaACL
Número de control de estantería L-18301-03
Holdings
Estatus retirado Estado de pérdida Estado de daño No para préstamo Biblioteca de origen Biblioteca actual Ubicación en estantería Fecha de adquisición Fuente de adquisición Total de préstamos Signatura topográfica completa Código de barras Visto por última vez Precio de reemplazo Tipo de ítem Koha
        Biblioteca del Ateneo de Madrid Biblioteca del Ateneo de Madrid Depósito 2 17/01/2008     L-18301-03 1011070 23/02/2023 23/02/2023 Libro impreso